| 000 | 00435pab a2200157 454500 | ||
|---|---|---|---|
| 008 | 180718b2014 xxu||||| |||| 00| 0 eng d | ||
| 100 | _aBanerjee, Indranil | ||
| 245 | _aBuilding cross functional competency: a myth or an emerging reality for PSUs? | ||
| 260 | _c2014 | ||
| 300 | _ap.50-52. | ||
| 362 | _aApr-Jun | ||
| 650 | _aLeadership | ||
| 773 | _aIndian Journal of Training and Development | ||
| 908 | _aN | ||
| 909 | _a105084 | ||
| 999 |
_c105079 _d105079 |
||